000 00715nam a2200265Ia 4500
001 38937
005 20240114002032.0
007 ta
008 070807s1919 a g b000 u 465 u
040 _aCotton College,Assam
041 _a465
082 _a954.162
_bAc 41 An
100 _aMeerwarth, A.M. .
245 0 _aThe Andamanese, Nicobarese and Hill Tribes of Assam /
_cA.M.Meerwarth.
_hTextual Documents
250 _a1st ed. /
260 _aGauhati :
_bSpectrum Publications ,
_c1919.
300 _a45p. :
_bill ;
_c22cm .
504 _aIndex
653 _aTribes of Assam
653 _aHistory-Assam
653 _aG-History
942 _2ddc
_cBK
999 _c38909
_d38909